000 00636nam a2200193Ia 4500
001 17613
003 GE_BSU
008 181216s||||||||xx |||||||||||||| ||und||
040 _cGE_BSU
080 _a69.003(035.5)+33
245 _aСправочник экономиста по строительству.
245 _cПод ред. М.Х.Лапидуса и А.Н.Молчанова.
260 _aЛ.
260 _bСройиздат.
260 _c1970.
300 _a320 стр. 22 см. Библиогр.: стр. 316-317.
653 _aСправочник экономиста по строительству.
942 _cBK
999 _c50662
_d50662